العرب ونشاط الأمم المتحدة فى مجال حقوق الإنسان / (Record no. 14541)
[ view plain ]
| 000 -الفاتح | |
|---|---|
| حقل البيانات ثابتة الطول | 01164nam a22001697a 4500 |
| 008 - عناصر البيانات ثابتة الطول - معلومات عامة | |
| حقل البيانات ثابتة الطول | 100725t xxu||||| |||| 00| 0 ara d |
| 082 ## - رقم تصنيف ديوى العشرى | |
| رقم الطبعة | 22 |
| رقم المادة | ع ر ب |
| رقم التصنيف | 323.4 |
| 245 ## - بيان العنوان | |
| العنوان | العرب ونشاط الأمم المتحدة فى مجال حقوق الإنسان / |
| بقية العنوان | دراسة توثيقية عن دور الدول العربية والخبراء العرب والمنظمات غير الحكومية العربية فى نشاط الأمم المتحدة فى حقل حقوق الإنسان خلال أربعين عاما / |
| بيان المسئوليه,etc | تأليف باسيل يوسف |
| 260 ## - PUBLICATION, DISTRIBUTION, ETC. (IMPRINT) | |
| مكان الناشر او الموزع | القاهرة : |
| اسم الناشر او الموزع | مركز اتحاد المحامين العرب ،[199?] |
| تاريخ النشر أو التوزيع | [199?] |
| 300 ## - الوصف المادى | |
| التعداد | 374 ص ؛ |
| أبعاد الوعاء | 24 سم. |
| 541 ## - تبصرة المصدر المباشر للتزويد | |
| مصدر التزويد | ألف باء ؛ |
| طريقة التزويد | شراء ؛ |
| 650 0# - المدخل الاضافى بالموضوع-مصطلح موضوعى | |
| 9 (RLIN) | 8073 |
| مصطلح موضوعي أو اسم جغرافي كعنصر مدخل | حقوق الإنسان |
| 700 1# - المدخل الاضافى - اسم شخصى | |
| 9 (RLIN) | 16772 |
| الإسم الشخصى | يوسف، باسيل |
| الدور | معد |
| 710 ## - المدخل الاضافى - اسم هيئه | |
| 9 (RLIN) | 16774 |
| اسم الهيئة أو اسم السلطة كمدخل | مركز اتحاد المحامين العرب للبحوث والدراسات القانونية |
| موقع المؤتمر | القاهرة |
| 942 ## - عناصر المدخل الإضافي( كوها) | |
| مصدر التصنيف او مخطط الترفيف | Dewey Decimal Classification |
| Koha [default] item type | Book - Borrowing |
| حالة التراجع | حالة الفقد | مصدر التصنيف او خطة الترفيف | حالة تلف | ليس للاعارة | مجموعات كوها | المكان الدائم | المكان الحالي | موقع الترفيف | تاريخ الاكتساب | Source of acquisition | رقم الاستدعاء | الباركود | Date last seen | نوع الوعاء |
|---|---|---|---|---|---|---|---|---|---|---|---|---|---|---|
| Dewey Decimal Classification | Alef-Baa | Central Library | Central Library | First floor | 25/07/2010 | 323.4 ع ر ب | 000021488 | 15/07/2025 | Book - Borrowing |